Witchcraft and welfare (Record no. 35518)
[ view plain ]
| 000 -LEADER | |
|---|---|
| fixed length control field | 01288nam a2200325 a 4500 |
| 082 04 - DEWEY DECIMAL CLASSIFICATION NUMBER | |
| Classification number | 133.4/3/097295 |
| 100 1# - MAIN ENTRY--AUTHOR NAME | |
| Personal name | Romberg, Raquel. |
| 245 10 - TITLE STATEMENT | |
| Title | Witchcraft and welfare |
| 250 ## - EDITION STATEMENT | |
| Edition statement | 1st ed. |
| 260 ## - PUBLICATION, DISTRIBUTION, ETC. (IMPRINT) | |
| Place of publication | Austin : |
| Name of publisher | University of Texas Press, |
| Year of publication | 2003. |
| 300 ## - PHYSICAL DESCRIPTION | |
| Number of Pages | xviii, 315 p. : |
| Other physical details | ill. |
| 650 #0 - SUBJECT ADDED ENTRY--TOPICAL TERM | |
| Topical Term | Witchcraft |
| Topical Term | Magic |
| 856 40 - ELECTRONIC LOCATION AND ACCESS | |
| Uniform Resource Identifier | http://site.ebrary.com/lib/rucke/Doc?id=10245681 |
No items available.
